| 000 | 01494nam0a2200337 i 4500 | ||
|---|---|---|---|
| 001 | RU\NLR\BIBL_A\010525276 | ||
| 005 | 20240921123442.0 | ||
| 010 |
_a9785790416118 _9300 |
||
| 021 |
_aRU _b2014-65320 _93983 |
||
| 021 |
_aRU _b2014-65320 _94237 |
||
| 035 | _a(NILC)RuMoRGB-007546819 | ||
| 035 | _a(NLR Aleph) 010525276 | ||
| 090 |
_a10233213 _c10233213 |
||
| 100 | _a20141110d2014 um y0rusy50 ca | ||
| 101 | 0 | _arus | |
| 102 | _aRU | ||
| 105 | _aa|||j||||01yy | ||
| 200 | 1 |
_aОсновы делопроизводства _eучебное пособие _fЕ. М. Гостюшева, Ю. А. Дягилева _gМ-во образования и науки РФ, Алтайский гос. ун-т |
|
| 210 |
_aБарнаул _cИзд-во Алтайского государственного университета _d2014 |
||
| 215 |
_a215, [1] с. _cил. _d21 |
||
| 320 | _aБиблиогр. : с. 214-216 | ||
| 606 | 1 |
_aДелопроизводство _jУчебные издания для высших учебных заведений _yРоссийская Федерация _92117619 _3RU\NLR\AUTH\661279103 |
|
| 686 | 1 | _aУ21(2)286я73 | |
| 700 | 1 |
_aГостюшева _bЕ. М. _gЕвгения Михайловна |
|
| 701 | 1 |
_aДягилева _bЮ. А. _gЮлия Анатольевна |
|
| 801 | 0 |
_aRU _bРГБ _c20140903 _gRCR |
|
| 801 | 1 |
_aRU _bРГБ _c20140903 _2rusmarc |
|
| 942 | _cBOOK | ||
| 980 | _aNBR | ||